000 00667nam a2200241 a 4500
001 nice12345678
003 IN_TiNIC
005 20260116013116.0
008 050524s1988 pria grp 000 0 eng
020 _a069181X
_c465.98
082 0 0 _a181.4
_bBON
100 _aBondudrant, Joan V
245 _aConquest of Violence
_b the Gandhian Philosophy of Conflict.
260 _aPrinceton
_bPrinceton University Press
_c1988
300 _a281p
500 _aincludes index and biblioraphy
505 2 _aBibliography/ Glossary and Index
650 _aPhilosophy-Hindu
700 1 _aBondudrant, Joan V
902 _bSRS
942 _cBK
999 _c9684
_d9684